00305nam a2200121Ia 4500008004100000041000800041082001600049100001900065245002800084260002900112300003300141365000900174240624s9999 xx 000 0 und d aeng a332.672 CHA aCHARLTON ROGER aPENSIONS IN DEVELOPMENT c2001aSingaporebAshgate axxiii, : 361 : p. : cm. ; 22 cb25